000 00533nam a2200181Ia 4500
008 240925s9999 xx 000 0 und d
020 _a9788131733325
082 _a621.31 SIV
100 _aSivanagaraju, S.; Reddy ,M. Balasubba; Srilatha, D.
245 0 _aGeneration and Utilization of Electrical Eneergy
250 _aNA
260 _aNew Delhi:
_bPearson Education
_c,2010.
300 _aVarious pages
_bN.A
_fPhotocopy
500 _aIncludes Index
600 _aElectrical Engineering
650 _aTechnology
942 _cBK
999 _c11204
_d11204